Online
Catalog

Simientes digitales / (Record no. 20089)

MARC details
000 -CABECERA
campo de control de longitud fija 00552nam a2200169 a 4500
001 - NÚMERO DE CONTROL
campo de control 000020585
005 - FECHA Y HORA DE LA ÚLTIMA TRANSACCIÓN
campo de control 20200930011129.0
008 - DATOS DE LONGITUD FIJA--INFORMACIÓN GENERAL
campo de control de longitud fija 100810s2017 dr a 000 0 spa d
040 ## - FUENTE DE LA CATALOGACIÓN
Centro catalogador/agencia de origen DO-SdBNP
Lengua de catalogación spa
Centro/agencia transcriptor BNPHU
082 ## - NÚMERO DE LA CLASIFICACIÓN DECIMAL DEWEY
Número de clasificación xxx
Número de documento/Ítem P438si
100 1# - ENTRADA PRINCIPAL--NOMBRE DE PERSONA
Nombre de persona Pérez, Faustino
9 (RLIN) 1945
245 10 - MENCIÓN DE TÍTULO
Título Simientes digitales /
Mención de responsabilidad, etc. Faustino Pérez ; diagramación Alexandra Deschamps.
260 ## - PUBLICACIÓN, DISTRIBUCIÓN, ETC.
Lugar de publicación, distribución, etc. Santo Domingo :
Nombre del editor, distribuidor, etc. Ediciones Faustino Pérez,
Fecha de publicación, distribución, etc. 2017.
300 ## - DESCRIPCIÓN FÍSICA
Extensión 423 p. :
Otras características físicas il. ;
Dimensiones 25 cm.
590 ## - NOTA LOCAL (RLIN)
Nota local Inventariado, 2020 /LP
700 1# - PUNTO DE ACCESO ADICIONAL--NOMBRE DE PERSONA
Nombre de persona Deschamps, Alexandra,
Término indicativo de función/relación diag.
9 (RLIN) 1503
Holdings
Estado de retiro Estado de pérdida No para préstamo Código de colección Localización permanente Ubicación/localización actual Ubicación en estantería Fecha de adquisición Número de inventario Total de préstamos Signatura topográfica completa Código de barras Fecha visto por última vez Precio válido a partir de Tipo de ítem Koha
    Excluido de préstamo Patrimonio Dominicano Patrimonio Dominicano Patrimonio Dominicano Depósito 10.03.2020 LF1   xxx P438si 20585-10 25.06.2020 25.06.2020 Libro y Folleto Colección Patrimonio Dominicano

Powered by Koha